000 00543nam a2200217Ia 4500
003 OSt
005 20220928141831.0
006 a|||||r|||| 00| 0
007 ta
008 220927b |||||||| |||| 00| 0 eng d
024 _a17980
037 _cTextual
040 _aSDCL
_cSDCL
_beng
041 _2eng
_aeng
082 _aW0bY.2, L2
100 _aGokak Vinayak Krishna
_9502420
245 0 _aIndia and world culture
260 _c1972
942 _hW0bY.2, L2
_cTEXL
_2CC
999 _c820254
_d820254